[Iglesia parroquial de Santa María de Valtierra (Record no. 85861)

MARC details
000 -LEADER
campo de control de longitud fija 01683nkc a22002417a 4500
001 - NÚMERO DE CONTROL
campo de control 85861
005 - FECHA Y HORA DE LA ÚLTIMA TRANSACCIÓN
campo de control 20260430102949.0
007 - CAMPO FIJO DE DESCRIPCIÓN FÍSICA--INFORMACIÓN GENERAL
campo de control de longitud fija kh bo
008 - DATOS DE LONGITUD FIJA--INFORMACIÓN GENERAL
campo de control de longitud fija 260430s1890 sp ||||| |||| |0| i|spa d
040 ## - FUENTE DE CATALOGACIÓN
Centro catalogador/agencia de origen M-RABA
Lengua de catalogación spa
Centro/agencia transcriptor M-RABA
245 01 - MENCIÓN DEL TÍTULO
Título [Iglesia parroquial de Santa María de Valtierra
Resto del título : vistas del Retablo Mayor]
Medio [Material gráfico]
260 ## - PUBLICACIÓN, DISTRIBUCIÓN, ETC.
Fecha de publicación, distribución, etc. [ca. 1890]
300 ## - DESCRIPCIÓN FÍSICA
Extensión 3 fotografías
Otras características físicas : aristotipo
Dimensiones , imagen 24 x 18 cm (medidas máximas)
-- , imagen 18 x 12 cm (medidas mínimas)
500 00 - NOTA GENERAL
Nota general Conjunto de tres fotografías del Retablo Mayor de la Iglesia parroquial de Santa María de Valtierra, en Navarra. La Fot-826 corresponde a una vista general del retablo, y las Fot-824 y Fot-825 a dos vistas de detalle de alguna de sus escutluras.
500 00 - NOTA GENERAL
Nota general Nota manuscrita a lápiz al verso de las imágenes:<br/>Fot-824: "Detalle retablo Valteirra (Navarra)".<br/>Fot-825: "Detalle retablo de Valtierra (Navarra). (..) marqués de Sra Clara; ampliado por Ricardo Orueta".<br/>Fot-826: "Retablo mayor de la parroquia de Valtierra (Navarra).
651 #7 - PUNTO DE ACCESO ADICIONAL DE MATERIA--NOMBRE GEOGRÁFICO
Nombre geográfico Navarra (España)
9 (RLIN) 75271
655 #0 - TERMINO DE INDIZACIÓN--GENERO/FORMA
Datos o término principal de género/forma Fotografías de monumentos
9 (RLIN) 111580
852 ## - LOCALIZACIÓN
Número de control de estantería Fot-824; Fot-825; Fot-826
856 ## - LOCALIZACIÓN Y ACCESO ELECTRÓNICOS
Identificador Uniforme de Recurso <a href="https://archivoybiblioteca.realacademiabellasartessanfernando.com/cgi-bin/koha/opac-retrieve-file.pl?id=d6ff040d84e0e142720c9536017fac08">https://archivoybiblioteca.realacademiabellasartessanfernando.com/cgi-bin/koha/opac-retrieve-file.pl?id=d6ff040d84e0e142720c9536017fac08</a>
Texto de enlace Fot-824
856 ## - LOCALIZACIÓN Y ACCESO ELECTRÓNICOS
Identificador Uniforme de Recurso <a href="https://archivoybiblioteca.realacademiabellasartessanfernando.com/cgi-bin/koha/opac-retrieve-file.pl?id=5942ded680881347b2c3c4678cf4332e">https://archivoybiblioteca.realacademiabellasartessanfernando.com/cgi-bin/koha/opac-retrieve-file.pl?id=5942ded680881347b2c3c4678cf4332e</a>
Texto de enlace Fot-825
856 ## - LOCALIZACIÓN Y ACCESO ELECTRÓNICOS
Identificador Uniforme de Recurso <a href="https://archivoybiblioteca.realacademiabellasartessanfernando.com/cgi-bin/koha/opac-retrieve-file.pl?id=6ddf204fd9d00145eecbaaa08653af86">https://archivoybiblioteca.realacademiabellasartessanfernando.com/cgi-bin/koha/opac-retrieve-file.pl?id=6ddf204fd9d00145eecbaaa08653af86</a>
Texto de enlace Fot-826
942 ## - ELEMENTOS DE ENTRADA SECUNDARIOS (KOHA)
Tipo de ítem Koha Fotografías
Suprimir en OPAC No
Holdings
Estatus retirado Estado de pérdida Fuente de la clasificación o esquema de estantería Estado de daño No para préstamo Colección Biblioteca de origen Biblioteca actual Ubicación en estantería Fecha de adquisición Total de préstamos Signatura topográfica completa Código de barras Visto por última vez Precio de reemplazo Tipo de ítem Koha
    Clasificación Decimal Dewey     Fotografía Real Academia de la Bellas Artes de San Fernando Real Academia de la Bellas Artes de San Fernando Depósito 2 30/04/2026   Fot-824 1097164 30/04/2026 30/04/2026 Fotografías
    Clasificación Decimal Dewey     Fotografía Real Academia de la Bellas Artes de San Fernando Real Academia de la Bellas Artes de San Fernando Depósito 2 30/04/2026   Fot-825 1097165 30/04/2026 30/04/2026 Fotografías
    Clasificación Decimal Dewey     Fotografía Real Academia de la Bellas Artes de San Fernando Real Academia de la Bellas Artes de San Fernando Depósito 2 30/04/2026   Fot-826 1097166 30/04/2026 30/04/2026 Fotografías

Powered by Koha